000 00669nam a2200289Ia 4500
005 20260324123940.0
008 008 260324s9999 xx 000 0 eng d
020 _a9781315132280
037 _aEBOOK
040 _aCRL
040 _beng
040 _cCRL
041 _2eng
041 _aeng
084 _qCRL
100 _aHarold D. Lasswell
_9999937
245 4 _aThe Good Years
245 0 _bFrom 1900 to the First World War
260 _bTaylor and Francis
260 _c2011
365 _a
365 _b230
856 _uhttp://www.taylorfrancis.com/books/9781315132280
942 _cEBOOK
999 _c1766225
_d1766225